Wiedersehen am ende der welt; (Record no. 787)
[ view plain ]
| 000 -LEADER | |
|---|---|
| fixed length control field | 00566cam a22002051 4500 |
| 001 - CONTROL NUMBER | |
| control field | af 47000428 |
| 003 - CONTROL NUMBER IDENTIFIER | |
| control field | DLC |
| 005 - DATE AND TIME OF LATEST TRANSACTION | |
| control field | 20260227110802.0 |
| 008 - FIXED-LENGTH DATA ELEMENTS--GENERAL INFORMATION | |
| fixed length control field | 890608s1943 au 000 1 ger c |
| 010 ## - LIBRARY OF CONGRESS CONTROL NUMBER | |
| LC control number | af 47000428 |
| 035 ## - SYSTEM CONTROL NUMBER | |
| System control number | (OCoLC)19837687 |
| 040 ## - CATALOGING SOURCE | |
| Original cataloging agency | Yale univ. Library |
| Transcribing agency | CU |
| Modifying agency | CU |
| -- | DLC |
| 042 ## - AUTHENTICATION CODE | |
| Authentication code | premarc |
| 050 00 - LIBRARY OF CONGRESS CALL NUMBER | |
| Classification number | PT2653.S4 |
| Item number | W5 |
| 100 1# - MAIN ENTRY--PERSONAL NAME | |
| Personal name | Zschocher, Erich, |
| Dates associated with a name | 1900- |
| 245 10 - TITLE STATEMENT | |
| Title | Wiedersehen am ende der welt; |
| Remainder of title | roman. |
| 260 ## - PUBLICATION, DISTRIBUTION, ETC. | |
| Place of publication, distribution, etc. | Salzburg, |
| Name of publisher, distributor, etc. | Verlag "Das Bergland-buch" |
| Date of publication, distribution, etc. | [1943] |
| 300 ## - PHYSICAL DESCRIPTION | |
| Extent | 310, [1] p. |
| Dimensions | 19 cm. |
| 440 #5 - SERIES STATEMENT/ADDED ENTRY--TITLE | |
| Title | "Das Bergland-buch" |
No items available.